000 01743nam a22002417a 4500
999 _c63490
_d63490
003 Ge_BSU
005 20251017210254.0
008 251017s2002 ge ||||| |||| 00| 0 geo d
041 _ageo
080 _a343.19(479.22) ს-54
245 _aსისხლის სამართლის სასამართლო პრაქტიკის კომენტარი :
_b(დანაშაული ადამიანის წინააღმდეგ) /
_c[ავტ.: ოთარ გამყრელიძე, გიორგი ტყეშელიაძე, ლამარა სურგულაძე, მერაბ ტურავა, თამარ ებრალიძე] ; საქ. მეცნ. აკად. სახ. და სამართლის ინ-ტი.
264 _aთბილისი,
_c 2002.
300 _a224 გვ. ;
_b20 სმ.
653 _aსისხლის სამართლის სასამართლო პრაქტიკა
653 _aდანაშაული ჯანმრთელობის წინააღმდეგ
653 _aდანაშაული სიცოცხლის წინააღმდეგ.
700 _aგამყრელიძე, ოთარ
_eავტორი
_92834
700 _aტყეშელიაძე, გიორგი
_eავტორი
_926059
700 _aსურგულაძე, ლამარა
_eავტორი
_926060
700 _aებრალიძე, თამარ
_eავტორი
_926061
710 _aსაქ. მეცნ. აკად. სახ. და სამართლის ინ-ტი.
_9920
942 _2udc
_cᲬᲘᲒᲜᲘ